| 000 | 01064nam a22002417a 4500 | ||
|---|---|---|---|
| 999 |
_c9714 _d9714 |
||
| 003 | AR-CdUCM | ||
| 008 | 190328b ||||| |||| 00| 0 spa d | ||
| 040 |
_aMUNICIPALIDAD PROVINCIAL DEL CUSCO _cBIBLIOTECA MUNICIPAL DEL CUSCO |
||
| 041 | _heng | ||
| 082 |
_a151 / _bST82 / 1946 |
||
| 100 |
_aStoddard, George D. _926103 |
||
| 245 |
_aLa inteligencia : _bSu naturaleza y su cultura / |
||
| 260 |
_aBuenos Aires : _bLosada, _c1946. |
||
| 300 |
_a221 páginas ; _c18 cm. |
||
| 440 |
_aBiblioteca del maestro. _n18 _926104 |
||
| 505 | _aContenido: El significado de la inteligencia -- El significado del ambiente -- La inteligencia en relación con los factores económicos y sociales -- La personalidad y la adaptación como determinante y correlativos de la inteligencia -- Nuevos datos referentes a la influencia del medio ambiente sobre la inteligencia ... | ||
| 650 |
_aLa inteligencia _926105 |
||
| 650 |
_aNaturaleza _94241 |
||
| 650 |
_aLa personalidad _926106 |
||
| 700 |
_aLuzuriaga, Isabel (traducción) _926107 |
||
| 942 |
_2ddc _cLIBROS |
||
| 945 | _aachl | ||